000 00913nam a2200241 i 4500
001 bg
100 1 _aŁUKASIAK, Lidia
245 1 0 _aModele i elektryczne metody charakteryzacji przyrządów MOS i MOS SOI /
_cLidia Łukasiak.
260 _aWarszawa :
_bOficyna Wydawnicza PW,
_c2002.
300 _a120, [1] s. :
_bil. ;
_c24 cm.
490 1 _aPrace Naukowe / Politechnika Warszawska. Elektronika,
_x0137-2343 ;
_vz. 133
500 _aW nagł. nazwa serii: Prace Naukowe Politechniki Warszawskiej. - Opis wg okł. - Streszcz. ang.
504 _aBibliogr.
650 9 _aKondensatory
_abadanie
_ametody
650 9 _aTranzystory
_xbadanie
_xmetody
650 9 _aUkłady elektroniczne
_abadanie
830 0 _aPrace Naukowe (Politechnika Warszawska).
_pElektronika ;
_vz. 133
040 _cBPK
041 0 _apl
_ben
080 _a621.38.049.77:621.382
942 _cKS
008 s pl f |000 0 pol
999 _c40629
_d40629
856 _uhttp://koha.tu.koszalin.pl/cgi-bin/koha/opac-detail.pl?biblionumber=40629
_yKatalog online BPK